| 000 | 00452nam a22001697a 4500 | ||
|---|---|---|---|
| 999 |
_c1736 _d1735 |
||
| 005 | 20210927125141.0 | ||
| 008 | 160525b xxu||||| |||| 00| 0 eng d | ||
| 020 | _a81-7808-685-9 | ||
| 041 | _aeng | ||
| 082 |
_b4943 _a332 |
||
| 100 |
_aFabozzi. Frank J. and Others _91162 |
||
| 245 | _aFoundations of Financial Market and Institutions | ||
| 260 |
_aNew Delhi _bAcademic Faundation _c2005 |
||
| 300 | _a628 | ||
| 650 |
_aManagement _9241 |
||
| 942 | _cBK | ||